| 000 | 00335nam a22001097a 4500 | ||
|---|---|---|---|
| 008 | 230316b |||||||| |||| 00| 0 eng d | ||
| 040 |
_aNational Science Library _cNational Science Library |
||
| 245 | _aProceeding of the symposium on nuclear physics | ||
| 260 |
_bDepartment of Atomic Energy, _c1990 |
||
| 310 | _aQuarterly | ||
| 942 | _cCR | ||
| 999 |
_c10394 _d10394 |
||